Mapas de distribución de 200 especies de hormigas en el territorio nacional, basados en registros biológicos, históricos e información respecto a hábitats asociados (Registro nro. 6033)

Detalles MARC
000 -CABECERA
Campo de control 01021nam a2200157 a 4500
090 ## - CLASIFICACIÓN LOCAL
Colección IAVH
Consecutivo 00765 CD-1
041 ## - IDIOMA
Código de idioma para texto/pista de sonido o título separado Español
100 ## - ASIENTO PRINCIPAL--NOMBRE PERSONAL
Nombre personal Rodríguez Cajamarca, Juliana Edith
245 ## - MENCION DE TITULO
Título Mapas de distribución de 200 especies de hormigas en el territorio nacional, basados en registros biológicos, históricos e información respecto a hábitats asociados
260 ## - PUBLICACION, DISTRIBUCION, ETC. (PIE DE IMPRENTA)
Lugar de publicación, distribución, etc. Bogotá
Nombre del editor, distribuidor, etc. Instituto Alexander von Humboldt
Fecha de publicación, distribución, etc. 2005
300 ## - DESCRIPCION FISICA
Extensión 22 p.
520 ## - NOTA DE RESUMEN, ETC.
Nota de resumen Se estableció que para la elaboración de los mapas de distribución de especies de hormigas, se utilizaría la información de los registros de la base de datos de hormigas cazadoras suministrada por el IAvH. Con base en estos insumos se establecieron los criterios generales para la elaboración de los mapas. Se realizó la revisión y evaluación de la información
650 ## - ASIENTO SECUNDARIO DE MATERIA - TERMINO TEMATICO
Término temático o nombre geográfico como elemento de entrada Conservación
650 ## - ASIENTO SECUNDARIO DE MATERIA - TERMINO TEMATICO
Término temático o nombre geográfico como elemento de entrada Biodiversidad
773 0# - Item fuente:
Host Biblionumber 5986
Host Itemnumber 9704
Asiento principal
Edición
Lugar, editorial y fecha de publicación Bogotá Informatica documental 2007
Otro identificador del ítem - Codigo de Barras 024802
Título Informes de investigaciones IAVH en PDF
Número de control del registro
Número Internacional Normalizado para Publicaciones Seriadas - ISSN
Número Internacional Normalizado para Libros - ISBN

No hay ítems disponibles.